Franco / (Record no. 44300)

MARC details
000 -LEADER
campo de control de longitud fija 00618nam a2200217 i 4500
001 - NÚMERO DE CONTROL
campo de control 44300
003 - IDENTIFICADOR DE NÚMERO DE CONTROL
campo de control ES-MaACL
005 - FECHA Y HORA DE LA ÚLTIMA TRANSACCIÓN
campo de control 20231229063015.0
007 - CAMPO FIJO DE DESCRIPCIÓN FÍSICA--INFORMACIÓN GENERAL
campo de control de longitud fija t|
008 - DATOS DE LONGITUD FIJA--INFORMACIÓN GENERAL
campo de control de longitud fija 030321s1986 sp ||||1| spa d
020 ## - NÚMERO INTERNACIONAL ESTÁNDAR DEL LIBRO
Número Internacional Estándar del Libro 84-320-5848-3
100 1# - ENTRADA PRINCIPAL--NOMBRE DE PERSONA
Nombre de persona Cierva, Ricardo de la,
Fechas asociadas al nombre 1926-2015
9 (RLIN) 38790
245 10 - MENCIÓN DEL TÍTULO
Título Franco /
Mención de responsabilidad, etc. Ricardo de la Cierva.
260 ## - PUBLICACIÓN, DISTRIBUCIÓN, ETC.
Lugar de publicación, distribución, etc. Barcelona :
Nombre del editor, distribuidor, etc. Planeta,
Fecha de publicación, distribución, etc. 1986.
300 ## - DESCRIPCIÓN FÍSICA
Extensión 521 p. :
Otras características físicas il. ;
Dimensiones 24 cm.
490 1# - MENCIÓN DE SERIE
Mención de serie Espejo de España ;
Designación de volumen o secuencia 118
500 ## - NOTA GENERAL
Nota general Indice.
830 0# - PUNTO DE ACCESO ADICIONAL DE SERIE-TÍTULO UNIFORME
Título uniforme Espejo de España ;
Designación de volumen o secuencia 118
9 (RLIN) 177692
852 ## - LOCALIZACIÓN
Ubicación ES-MaACL
Número de control de estantería L-11006
Sublocalización o colección R.112772
Holdings
Estatus retirado Estado de pérdida Estado de daño No para préstamo Biblioteca de origen Biblioteca actual Ubicación en estantería Fecha de adquisición Fuente de adquisición Total de préstamos Signatura topográfica completa Código de barras Visto por última vez Precio de reemplazo Tipo de ítem Koha
        Biblioteca del Ateneo de Madrid Biblioteca del Ateneo de Madrid Depósito 2 17/01/2008     L-11006 1046621 23/02/2023 23/02/2023 Libro impreso